[Event "4. Moscu Open 2008"]
[Site "Moscu RUS"]
[Date "2008.02.03"]
[Round "2.56"]
[White "Sutovsky, Emil"]
[Black "Orlinkov, Maxim L"]
[Result "1-0"]
[WhiteElo "2642"]
[BlackElo "2384"]
[PlyCount "63"]
[EventDate "2008.02.02"]
[EventType "swiss"]
[EventRounds "9"]
[EventCountry "RUS"]
[Source "lmi"]
[SourceDate "2008.02.02"]

1. e4 e5 2. Nf3 d6 3. d4 exd4 4. Nxd4 Nf6 5. Nc3 Be7 6. Bf4 O-O 7. Qd2 d5 8.
Ndb5 c6 9. Nc7 d4 10. Nxa8 dxc3 11. Qxd8 Rxd8 12. bxc3 Nxe4 13. Bd3 Bd6 14.
Bxd6 Nxd6 15. O-O-O Kf8 16. Rhe1 Nd7 17. Nc7 Nf6 18. c4 b6 19. c5 bxc5 20. Ba6
Nd5 21. Nxd5 cxd5 22. Bxc8 Nxc8 23. c4 Nb6 24. cxd5 Nc4 25. d6 Nxd6 26. Re5 c4
27. Kc2 Rd7 28. f4 g6 29. g4 Rd8 30. a4 Rd7 31. Rd4 Rd8 32. f5 1-0

[Event "4. Moscu Open 2008"]
[Site "Moscu RUS"]
[Date "2008.02.03"]
[Round "2.57"]
[White "Aleksandrov, Aleksej"]
[Black "Kotenko, Pavel"]
[Result "1-0"]
[WhiteElo "2618"]
[BlackElo "2390"]
[PlyCount "71"]
[EventDate "2008.02.02"]
[EventType "swiss"]
[EventRounds "9"]
[EventCountry "RUS"]
[Source "lmi"]
[SourceDate "2008.02.02"]

1. d4 Nf6 2. c4 g6 3. Nc3 Bg7 4. e4 d6 5. Be2 O-O 6. Bg5 c5 7. d5 h6 8. Bf4 e6
9. dxe6 Bxe6 10. Qd2 Qb6 11. Nf3 Nc6 12. O-O Kh7 13. Nd5 Bxd5 14. exd5 Ne7 15.
h3 Rae8 16. Rab1 Nc8 17. Bd3 Nd7 18. a3 Ne5 19. Nxe5 dxe5 20. Be3 Qc7 21. b4
cxb4 22. axb4 f5 23. f4 Rd8 24. Rbc1 Rfe8 25. Kh1 Qf7 26. fxe5 Rxe5 27. Bf4
Ree8 28. g4 Rf8 29. Bg3 Qd7 30. gxf5 gxf5 31. Qf4 Nd6 32. Rce1 Kh8 33. Re6 Ne4
34. Rxh6+ Bxh6 35. Qxh6+ Kg8 36. Be5 1-0

[Event "4. Moscu Open 2008"]
[Site "Moscu RUS"]
[Date "2008.02.03"]
[Round "2.58"]
[White "Rodshtein, Maxim"]
[Black "Hambardzumian, Yuri"]
[Result "1/2-1/2"]
[WhiteElo "2614"]
[BlackElo "2378"]
[PlyCount "51"]
[EventDate "2008.02.02"]
[EventType "swiss"]
[EventRounds "9"]
[EventCountry "RUS"]
[Source "lmi"]
[SourceDate "2008.02.02"]

1. d4 Nf6 2. c4 g6 3. Nc3 Bg7 4. e4 d6 5. Nf3 O-O 6. h3 e5 7. d5 Nh5 8. Nh2 Qe8
9. Be2 Nf4 10. Bf3 f5 11. Nf1 a5 12. g3 fxe4 13. Nxe4 Nh5 14. Be3 Na6 15. a3
Bd7 16. Nfd2 Nf4 17. Qc2 h5 18. c5 Nxd5 19. cxd6 Nxe3 20. fxe3 c5 21. Nxc5 Nxc5
22. Qxc5 Rc8 23. Qd5+ Be6 24. Qe4 Bf5 25. Qd5+ Be6 26. Qe4 1/2-1/2

[Event "4. Moscu Open 2008"]
[Site "Moscu RUS"]
[Date "2008.02.03"]
[Round "2.59"]
[White "Fedorov, Alexei"]
[Black "Soltanici, Ruslan"]
[Result "1-0"]
[WhiteElo "2607"]
[BlackElo "2379"]
[PlyCount "67"]
[EventDate "2008.02.02"]
[EventType "swiss"]
[EventRounds "9"]
[EventCountry "RUS"]
[Source "lmi"]
[SourceDate "2008.02.02"]

1. e4 c5 2. Nf3 Nc6 3. d4 cxd4 4. Nxd4 Nf6 5. Nc3 e5 6. Ndb5 d6 7. Bg5 a6 8.
Na3 b5 9. Nd5 Be7 10. Bxf6 Bxf6 11. c3 O-O 12. Nc2 Rb8 13. h4 Be7 14. Nce3 Be6
15. b4 Qd7 16. a4 Bd8 17. axb5 axb5 18. g3 Ne7 19. Bg2 Qb7 20. Nxe7+ Bxe7 21.
O-O Ra8 22. Qd3 Rfc8 23. Rfc1 Qc6 24. Rxa8 Rxa8 25. Bf1 Rb8 26. Ra1 Bd8 27. Nd5
f5 28. Bh3 g6 29. Ne3 Bc4 30. Qd2 fxe4 31. Nxc4 bxc4 32. Be6+ Kh8 33. Ra7 Bb6
34. Qg5 1-0

[Event "4. Moscu Open 2008"]
[Site "Moscu RUS"]
[Date "2008.02.03"]
[Round "2.60"]
[White "Moskalenko, Alexander"]
[Black "Korotylev, Alexey"]
[Result "0-1"]
[WhiteElo "2402"]
[BlackElo "2607"]
[PlyCount "74"]
[EventDate "2008.02.02"]
[EventType "swiss"]
[EventRounds "9"]
[EventCountry "RUS"]
[Source "lmi"]
[SourceDate "2008.02.02"]

1. c4 Nf6 2. Nc3 e5 3. Nf3 Nc6 4. g3 Bb4 5. Bg2 O-O 6. O-O Bxc3 7. bxc3 Re8 8.
d3 e4 9. Nd4 exd3 10. exd3 Nxd4 11. cxd4 d5 12. c5 Bf5 13. h3 h6 14. g4 Bd7 15.
g5 hxg5 16. Bxg5 Re6 17. f4 Ra6 18. f5 Qc8 19. Qf3 Nh7 20. h4 Ra4 21. Qf4 f6
22. Rae1 Qd8 23. Rf3 fxg5 24. hxg5 Qxg5 25. Qxg5 Nxg5 26. Rg3 Nf7 27. Re7 Bc6
28. f6 g5 29. Bh3 Re8 30. Be6 Rxe7 31. fxe7 Kg7 32. Bxd5 Be8 33. Bc4 b5 34.
cxb6 axb6 35. Rf3 b5 36. Bxf7 Bxf7 37. Re3 Ra8 0-1

[Event "4. Moscu Open 2008"]
[Site "Moscu RUS"]
[Date "2008.02.03"]
[Round "2.61"]
[White "Kalugin, Sergey V"]
[Black "Kaidanov, Gregory S"]
[Result "0-1"]
[WhiteElo "2377"]
[BlackElo "2604"]
[PlyCount "62"]
[EventDate "2008.02.02"]
[EventType "swiss"]
[EventRounds "9"]
[EventCountry "RUS"]
[Source "lmi"]
[SourceDate "2008.02.02"]

1. e4 e6 2. d3 d5 3. Nd2 Nf6 4. Ngf3 c5 5. g3 Nc6 6. Bg2 g6 7. O-O Bg7 8. Re1
O-O 9. c3 h6 10. Qc2 a5 11. Nf1 d4 12. h3 e5 13. Nh4 Nh5 14. c4 Nf4 15. Bxf4
exf4 16. Nf3 fxg3 17. fxg3 Qc7 18. Qd2 Kh7 19. Re2 Ne5 20. Nxe5 Bxe5 21. Qe1
Bd7 22. Kh2 h5 23. Bf3 Ra6 24. h4 Rg8 25. Kh1 Rf6 26. Bg2 g5 27. hxg5 Rxg5 28.
Qd2 Rfg6 29. Rf2 f6 30. Rf3 Bxg3 31. Nxg3 Rxg3 0-1

[Event "4. Moscu Open 2008"]
[Site "Moscu RUS"]
[Date "2008.02.03"]
[Round "2.62"]
[White "Lysyj, Igor"]
[Black "Pisakov, Ilia"]
[Result "1-0"]
[WhiteElo "2593"]
[BlackElo "2344"]
[PlyCount "45"]
[EventDate "2008.02.02"]
[EventType "swiss"]
[EventRounds "9"]
[EventCountry "RUS"]
[Source "lmi"]
[SourceDate "2008.02.02"]

1. d4 Nf6 2. Nf3 g6 3. c4 Bg7 4. Nc3 d6 5. Bf4 O-O 6. h3 Nfd7 7. e3 e5 8. Bg5
f6 9. Bh4 g5 10. Bg3 f5 11. dxe5 Nxe5 12. Qd5+ Nf7 13. h4 f4 14. hxg5 fxg3 15.
Bd3 gxf2+ 16. Ke2 Re8 17. Bxh7+ Kf8 18. g6 Be6 19. gxf7 Bxd5 20. fxe8=Q+ Qxe8
21. Nxd5 Na6 22. Rh4 Qe6 23. Ng5 1-0

[Event "4. Moscu Open 2008"]
[Site "Moscu RUS"]
[Date "2008.02.03"]
[Round "2.64"]
[White "Zakhartsov, Viacheslav V"]
[Black "Klimov, Anton"]
[Result "1/2-1/2"]
[WhiteElo "2585"]
[BlackElo "2351"]
[PlyCount "82"]
[EventDate "2008.02.02"]
[EventType "swiss"]
[EventRounds "9"]
[EventCountry "RUS"]
[Source "lmi"]
[SourceDate "2008.02.02"]

1. d4 Nf6 2. c4 g6 3. Nc3 Bg7 4. e4 d6 5. Nf3 O-O 6. Be2 Na6 7. O-O e5 8. Be3
Ng4 9. Bg5 Qe8 10. dxe5 h6 11. Bc1 dxe5 12. h3 Nf6 13. Be3 Qe7 14. Qc1 Kh7 15.
Nd5 Qe6 16. Nd2 c6 17. Nxf6+ Qxf6 18. c5 Nc7 19. Nc4 Ne6 20. Rd1 Qh4 21. Nd6
Nd4 22. Bf1 Be6 23. f4 f5 24. Bf2 Qh5 25. Bxd4 exd4 26. e5 g5 27. Rxd4 gxf4 28.
Qxf4 Qg5 29. g3 b6 30. b4 bxc5 31. bxc5 Rab8 32. Bg2 Rb2 33. Bxc6 Re2 34. Qxg5
hxg5 35. Ra4 Bxe5 36. Rxa7+ Kg6 37. Rd1 Bxg3 38. Bd5 Bxd5 39. Rxd5 Rb8 40. Rb7
Rxb7 41. Nxb7 Rxa2 1/2-1/2

[Event "4. Moscu Open 2008"]
[Site "Moscu RUS"]
[Date "2008.02.03"]
[Round "2.65"]
[White "Losev, Dmitry"]
[Black "Grigoriants, Sergey"]
[Result "1/2-1/2"]
[WhiteElo "2344"]
[BlackElo "2583"]
[PlyCount "28"]
[EventDate "2008.02.02"]
[EventType "swiss"]
[EventRounds "9"]
[EventCountry "RUS"]
[Source "lmi"]
[SourceDate "2008.02.02"]

1. e4 c5 2. Nf3 Nc6 3. b3 d6 4. Bb5 e5 5. O-O Nge7 6. c3 a6 7. Be2 g6 8. d4
exd4 9. cxd4 Bg7 10. Bb2 Bg4 11. Nbd2 O-O 12. Rb1 cxd4 13. Nxd4 Bxe2 14. Nxe2
d5 1/2-1/2

[Event "4. Moscu Open 2008"]
[Site "Moscu RUS"]
[Date "2008.02.03"]
[Round "2.66"]
[White "Belov, Vladimir"]
[Black "Mishin, Alexei"]
[Result "1-0"]
[WhiteElo "2578"]
[BlackElo "2340"]
[PlyCount "39"]
[EventDate "2008.02.02"]
[EventType "swiss"]
[EventRounds "9"]
[EventCountry "RUS"]
[Source "lmi"]
[SourceDate "2008.02.02"]

1. d4 Nf6 2. c4 c5 3. d5 b5 4. cxb5 a6 5. bxa6 g6 6. Nc3 Bxa6 7. g3 Bg7 8. Bg2
d6 9. Nf3 O-O 10. O-O Nbd7 11. Rb1 Bb7 12. Re1 Ra6 13. h3 Qa8 14. e4 e6 15.
dxe6 fxe6 16. Ng5 d5 17. exd5 Nxd5 18. Nxd5 Bxd5 19. Bxd5 Qxd5 20. Qe2 1-0

[Event "4. Moscu Open 2008"]
[Site "Moscu RUS"]
[Date "2008.02.03"]
[Round "2.67"]
[White "Kurnosov, Igor"]
[Black "Kachar, Vladimir"]
[Result "1-0"]
[WhiteElo "2577"]
[BlackElo "2342"]
[PlyCount "53"]
[EventDate "2008.02.02"]
[EventType "swiss"]
[EventRounds "9"]
[EventCountry "RUS"]
[Source "lmi"]
[SourceDate "2008.02.02"]

1. e4 c5 2. Nf3 Nc6 3. d4 cxd4 4. Nxd4 g6 5. Nc3 Bg7 6. Be3 Nf6 7. Bc4 O-O 8.
Bb3 d6 9. f3 Qa5 10. Qd2 Bd7 11. O-O-O Rfc8 12. h4 h5 13. Kb1 Ne5 14. g4 Nc4
15. Bxc4 Rxc4 16. Nb3 Qd8 17. e5 Nxg4 18. fxg4 Bxg4 19. e6 Bxe6 20. Bd4 Bf8 21.
Rdg1 Qc8 22. Na5 Rc7 23. Rg5 Kh7 24. Nb5 b6 25. Nxc7 Qxc7 26. Qd3 f5 27. Rhg1
1-0

[Event "4. Moscu Open 2008"]
[Site "Moscu RUS"]
[Date "2008.02.03"]
[Round "2.68"]
[White "Stukopin, Andrey"]
[Black "Shomoev, Anton"]
[Result "0-1"]
[WhiteElo "2342"]
[BlackElo "2562"]
[PlyCount "108"]
[EventDate "2008.02.02"]
[EventType "swiss"]
[EventRounds "9"]
[EventCountry "RUS"]
[Source "lmi"]
[SourceDate "2008.02.02"]

1. e4 c5 2. Nc3 d6 3. g3 Nc6 4. Bg2 g6 5. d3 Bg7 6. Be3 Rb8 7. Nge2 b5 8. Qd2
Nd4 9. O-O h5 10. h3 Bxh3 11. Bxd4 cxd4 12. Bxh3 dxc3 13. bxc3 d5 14. exd5 Nf6
15. Nd4 Nxd5 16. Nc6 Bxc3 17. Qd1 Qd6 18. Nxb8 Qxb8 19. Qf3 e6 20. Rab1 h4 21.
Kg2 Qb6 22. Rb3 b4 23. a3 a5 24. axb4 axb4 25. Rh1 Qd4 26. Qe4 hxg3 27. Qxd4
Bxd4 28. Kxg3 Be5+ 29. Kf3 Rh4 30. Bg2 Rf4+ 31. Ke2 Nc3+ 32. Ke1 Ke7 33. Ba8
Nb5 34. f3 Nd4 35. Kd2 Nxb3+ 36. cxb3 Bc3+ 37. Ke2 Rf5 38. Rh4 Ra5 39. Bc6 Ra2+
40. Ke3 Bd2+ 41. Kd4 Kd6 42. Be8 f5 43. Rh7 Bc3+ 44. Kc4 Ra8 45. Rd7+ Ke5 46.
Bxg6 Kf6 47. Bh7 Rc8+ 48. Kb5 Kg5 49. d4 Kh6 50. d5 Bg7 51. dxe6 Kxh7 52. e7
Re8 53. Kxb4 Bf6 54. Kc5 Rxe7 0-1

[Event "4. Moscu Open 2008"]
[Site "Moscu RUS"]
[Date "2008.02.03"]
[Round "2.69"]
[White "Benza, Artem"]
[Black "Iljushin, Alexei"]
[Result "0-1"]
[WhiteElo "2333"]
[BlackElo "2549"]
[PlyCount "41"]
[EventDate "2008.02.02"]
[EventType "swiss"]
[EventRounds "9"]
[EventCountry "RUS"]
[Source "lmi"]
[SourceDate "2008.02.02"]

1. e4 c5 2. Nf3 Nc6 3. Bb5 g6 4. O-O Bg7 5. Bxc6 dxc6 6. h3 Nh6 7. d3 f6 8. a4
Nf7 9. Nbd2 e5 10. Re1 Be6 11. a5 O-O 12. b3 b5 13. axb6 axb6 14. Bb2 Qc7 15.
Qe2 Bd7 16. Rxa8 Rxa8 17. Ra1 Rxa1+ 18. Bxa1 Nd8 19. Qd1 Ne6 20. Bb2 Qa7 21.
Qa1 0-1

[Event "4. Moscu Open 2008"]
[Site "Moscu RUS"]
[Date "2008.02.03"]
[Round "2.71"]
[White "Polschikov, Alexey"]
[Black "Vorobiov, Evgeny E"]
[Result "1/2-1/2"]
[WhiteElo "2330"]
[BlackElo "2537"]
[PlyCount "83"]
[EventDate "2008.02.02"]
[EventType "swiss"]
[EventRounds "9"]
[EventCountry "RUS"]
[Source "lmi"]
[SourceDate "2008.02.02"]

1. d4 Nf6 2. c4 g6 3. Nc3 d5 4. Nf3 Bg7 5. Bg5 Ne4 6. cxd5 Nxg5 7. Nxg5 e6 8.
Nf3 exd5 9. e3 O-O 10. Be2 a5 11. O-O c6 12. Ne1 Re8 13. a3 Bf8 14. Nd3 Bf5 15.
Re1 Bd6 16. g3 h5 17. Bf3 Nd7 18. e4 dxe4 19. Bxe4 Bxe4 20. Nxe4 Nf6 21. Qf3
Nxe4 22. Rxe4 Rxe4 23. Qxe4 Bf8 24. Rd1 Qc7 25. Ne5 Re8 26. Qf3 Bg7 27. Nc4 a4
28. d5 cxd5 29. Qxd5 Rc8 30. Ne3 Bxb2 31. Rb1 Bxa3 32. Rxb7 Qc1+ 33. Kg2 Qc6
34. Qxc6 Rxc6 35. Ra7 Bc5 36. Rxa4 Bxe3 37. fxe3 Rc2+ 38. Kg1 Re2 39. Re4 Kg7
40. h4 f5 41. Re5 Kf6 42. Re8 1/2-1/2

[Event "4. Moscu Open 2008"]
[Site "Moscu RUS"]
[Date "2008.02.03"]
[Round "2.72"]
[White "Hovhannisyan, Robert"]
[Black "Rakhmanov, Aleksandr"]
[Result "1/2-1/2"]
[WhiteElo "2319"]
[BlackElo "2524"]
[PlyCount "84"]
[EventDate "2008.02.02"]
[EventType "swiss"]
[EventRounds "9"]
[EventCountry "RUS"]
[Source "lmi"]
[SourceDate "2008.02.02"]

1. e4 c5 2. Nc3 d6 3. Nf3 Nf6 4. d4 cxd4 5. Nxd4 Bd7 6. Bg5 e6 7. Ndb5 Bc6 8.
Qd2 a6 9. Bxf6 gxf6 10. Nd4 Bd7 11. O-O-O Nc6 12. f4 Qb6 13. Nb3 O-O-O 14. Kb1
Kb8 15. Be2 h5 16. Rhf1 Be7 17. Rf3 Rdg8 18. Bf1 h4 19. Qe1 Rh5 20. Rh3 Rgh8
21. Be2 R5h6 22. Nd2 Nd4 23. Qf2 Qa7 24. Nc4 Nxe2 25. Qxe2 Qc5 26. e5 d5 27.
exf6 Bxf6 28. Ne5 Bxe5 29. Qxe5+ Qc7 30. Ne4 Rh5 31. Qxc7+ Kxc7 32. Nf6 Rf5 33.
Nxd7 Kxd7 34. Rd4 Rg8 35. Rxh4 Rxg2 36. a4 a5 37. c4 Rf2 38. cxd5 Rxd5 39.
Rxd5+ exd5 40. Rh5 Kc6 41. Rf5 d4 42. h4 d3 1/2-1/2

[Event "4. Moscu Open 2008"]
[Site "Moscu RUS"]
[Date "2008.02.03"]
[Round "2.73"]
[White "Maslak, Konstantin"]
[Black "Potapov, Alexey"]
[Result "1-0"]
[WhiteElo "2510"]
[BlackElo "2320"]
[PlyCount "77"]
[EventDate "2008.02.02"]
[EventType "swiss"]
[EventRounds "9"]
[EventCountry "RUS"]
[Source "lmi"]
[SourceDate "2008.02.02"]

1. d4 d5 2. c4 c6 3. Nf3 Nf6 4. Qb3 e6 5. g3 Bd6 6. Bg2 O-O 7. O-O Nbd7 8. Rd1
b6 9. Bf4 Qc7 10. Bxd6 Qxd6 11. Nc3 Bb7 12. Nd2 Qe7 13. e4 dxe4 14. Ndxe4 Nxe4
15. Nxe4 Nf6 16. Nxf6+ Qxf6 17. c5 b5 18. a4 a6 19. Qc3 Qd8 20. Qe3 Qd7 21. b4
Rfd8 22. Rd2 Qc7 23. Rda2 Kf8 24. h4 h5 25. Bf3 g6 26. axb5 axb5 27. Rxa8 Rxa8
28. Qh6+ Ke7 29. Re1 Qd8 30. Re4 Kd7 31. Rf4 Qe7 32. Qg7 Rf8 33. Rf6 Ke8 34.
Be4 Ba8 35. Kg2 e5 36. Bxc6+ Bxc6+ 37. Rxc6 Kd7 38. Rd6+ Kc7 39. d5 1-0

[Event "4. Moscu Open 2008"]
[Site "Moscu RUS"]
[Date "2008.02.03"]
[Round "2.74"]
[White "Shumilina, Alexandra"]
[Black "Kosyrev, Vladimir"]
[Result "0-1"]
[WhiteElo "2317"]
[BlackElo "2509"]
[PlyCount "44"]
[EventDate "2008.02.02"]
[EventType "swiss"]
[EventRounds "9"]
[EventCountry "RUS"]
[Source "lmi"]
[SourceDate "2008.02.02"]

1. e4 e6 2. f4 d5 3. e5 c5 4. Nf3 Nc6 5. c3 Qb6 6. Na3 Nh6 7. Nc2 Nf5 8. Bd3 g6
9. Ne3 Be7 10. O-O Bd7 11. b3 h5 12. Kh1 O-O-O 13. Nxf5 gxf5 14. Bc2 Kb8 15. a3
d4 16. Qe2 f6 17. b4 fxe5 18. fxe5 Rhg8 19. Rb1 Qc7 20. Bd3 Rg4 21. Bb2 c4 22.
Bxc4 dxc3 0-1

[Event "4. Moscu Open 2008"]
[Site "Moscu RUS"]
[Date "2008.02.03"]
[Round "2.75"]
[White "Moiseev, Gumar"]
[Black "Kiselev, Vitaliy"]
[Result "1/2-1/2"]
[WhiteElo "2310"]
[BlackElo "2590"]
[PlyCount "54"]
[EventDate "2008.02.02"]
[EventType "swiss"]
[EventRounds "9"]
[EventCountry "RUS"]
[Source "lmi"]
[SourceDate "2008.02.02"]

1. e4 e6 2. d4 d5 3. Nc3 Nf6 4. Bd3 c5 5. exd5 Nxd5 6. Nxd5 Qxd5 7. Nf3 cxd4 8.
O-O Nc6 9. Re1 Bd7 10. a3 Qh5 11. b4 Bd6 12. h3 O-O 13. b5 Ne5 14. Rxe5 Bxe5
15. g4 Qxh3 16. Nxe5 Be8 17. Bf1 Qc3 18. Bd2 Qc7 19. Nf3 Bd7 20. Nxd4 e5 21.
Nf5 Bxf5 22. gxf5 Rfd8 23. Bd3 Rd4 24. Be3 Rh4 25. Bg5 Rd4 26. Be3 Rh4 27. Bg5
Rd4 1/2-1/2

[Event "4. Moscu Open 2008"]
[Site "Moscu RUS"]
[Date "2008.02.03"]
[Round "2.76"]
[White "Demianjuk, Alexander"]
[Black "Bagirov, Rufat"]
[Result "1/2-1/2"]
[WhiteElo "2305"]
[BlackElo "2495"]
[PlyCount "68"]
[EventDate "2008.02.02"]
[EventType "swiss"]
[EventRounds "9"]
[EventCountry "RUS"]
[Source "lmi"]
[SourceDate "2008.02.02"]

1. e4 e6 2. d4 d5 3. Nc3 Nf6 4. e5 Nfd7 5. f4 c5 6. Nf3 a6 7. Be3 Qb6 8. a3 Nc6
9. dxc5 Bxc5 10. Na4 Qa5+ 11. b4 Qxa4 12. bxc5 f6 13. exf6 Nxf6 14. Bd3 O-O 15.
O-O Bd7 16. h3 Rad8 17. c3 Qa5 18. Qc2 h6 19. Rae1 Ne4 20. Bxe4 dxe4 21. Nd2
Ne7 22. Nxe4 Nf5 23. Bf2 Bb5 24. c4 Bc6 25. Qb2 Qa4 26. Qc3 Rd7 27. Nd6 Nxd6
28. cxd6 Rxf4 29. Bd4 Re4 30. Rxe4 Bxe4 31. Qe3 Qc2 32. Rf2 Qd3 33. c5 Qxe3 34.
Bxe3 Rf7 1/2-1/2

[Event "4. Moscu Open 2008"]
[Site "Moscu RUS"]
[Date "2008.02.03"]
[Round "2.77"]
[White "Ajrapetian, Gevorg"]
[Black "Zabotin, Alexander"]
[Result "1/2-1/2"]
[WhiteElo "2298"]
[BlackElo "2495"]
[PlyCount "35"]
[EventDate "2008.02.02"]
[EventType "swiss"]
[EventRounds "9"]
[EventCountry "RUS"]
[Source "lmi"]
[SourceDate "2008.02.02"]

1. e4 c5 2. Nf3 Nc6 3. d4 cxd4 4. Nxd4 Nf6 5. Nc3 d6 6. f3 e5 7. Nb3 Be7 8. Be3
O-O 9. Qd2 a5 10. Bb5 Be6 11. Rd1 Na7 12. Bd3 Nc8 13. O-O Nb6 14. Qf2 Nfd7 15.
a3 h6 16. Bb5 Nc4 17. Bxc4 Bxc4 18. Rfe1 1/2-1/2

[Event "4. Moscu Open 2008"]
[Site "Moscu RUS"]
[Date "2008.02.03"]
[Round "2.78"]
[White "Yarysh, Grigorij"]
[Black "Krapivin, Alexander"]
[Result "0-1"]
[WhiteElo "2294"]
[BlackElo "2483"]
[PlyCount "85"]
[EventDate "2008.02.02"]
[EventType "swiss"]
[EventRounds "9"]
[EventCountry "RUS"]
[Source "lmi"]
[SourceDate "2008.02.02"]

1. e4 c5 2. c3 e6 3. d4 Nf6 4. e5 Nd5 5. Bc4 Nb6 6. Bb3 cxd4 7. cxd4 d6 8. Nf3
dxe5 9. Nxe5 Nc6 10. Nf3 Be7 11. Nc3 Nd5 12. O-O Nxc3 13. bxc3 O-O 14. Be3 b6
15. Qd3 Bf6 16. Rfd1 Ne7 17. Rac1 Bb7 18. Ng5 g6 19. Ne4 Bg7 20. Bg5 h6 21.
Nf6+ Kh8 22. Qh3 Nf5 23. Nh7 hxg5 24. Nxf8+ Nh6 25. Nxg6+ fxg6 26. Bxe6 Qd6 27.
c4 Re8 28. d5 Rf8 29. Qg3 Be5 30. Qh3 Kg7 31. g3 Nf5 32. Qg4 Bc8 33. Bxc8 Rxc8
34. Qxg5 Rf8 35. Kg2 Bd4 36. Rc2 Bc5 37. h4 Nd4 38. Rb2 Nf3 39. Qg4 Qe5 40. Rb3
Nxh4+ 41. Qxh4 Rxf2+ 42. Kh1 Qe2 43. Rbd3 0-1

[Event "4. Moscu Open 2008"]
[Site "Moscu RUS"]
[Date "2008.02.03"]
[Round "2.80"]
[White "Kozlov, Gennady"]
[Black "Lushenkov, Mikhail"]
[Result "1/2-1/2"]
[WhiteElo "2224"]
[BlackElo "2458"]
[PlyCount "42"]
[EventDate "2008.02.02"]
[EventType "swiss"]
[EventRounds "9"]
[EventCountry "RUS"]
[Source "lmi"]
[SourceDate "2008.02.02"]

1. d4 Nf6 2. c4 e6 3. Nf3 b6 4. Nc3 Bb4 5. Bg5 h6 6. Bh4 Bb7 7. e3 g5 8. Bg3
Ne4 9. Qc2 Bxc3+ 10. bxc3 d6 11. Bd3 f5 12. d5 Na6 13. Nd4 Nac5 14. dxe6 Qf6
15. f3 f4 16. Bxe4 Bxe4 17. fxe4 fxg3 18. hxg3 O-O-O 19. Rf1 Qe5 20. O-O-O Kb7
21. Rf7 Nxe6 1/2-1/2

[Event "4. Moscu Open 2008"]
[Site "Moscu RUS"]
[Date "2008.02.03"]
[Round "2.81"]
[White "Venevtsev, Andrey"]
[Black "Nakhapetiane, Pogos"]
[Result "1-0"]
[WhiteElo "2178"]
[BlackElo "2442"]
[PlyCount "44"]
[EventDate "2008.02.02"]
[EventType "swiss"]
[EventRounds "9"]
[EventCountry "RUS"]
[Source "lmi"]
[SourceDate "2008.02.02"]

1. e4 e6 2. d4 d5 3. Nd2 c5 4. exd5 Qxd5 5. Ngf3 cxd4 6. Bc4 Qd6 7. O-O Nf6 8.
Nb3 Nc6 9. Nbxd4 Nxd4 10. Nxd4 a6 11. Re1 Bd7 12. Bg5 O-O-O 13. Re3 Qc7 14.
Bxa6 Bc5 15. Bxb7+ Qxb7 16. Bxf6 gxf6 17. Rc3 Qb6 18. Qh5 e5 19. Nb3 Bc6 20.
Rxc5 Rhg8 21. g3 Kb8 22. Qxf7 Bb7 1-0

[Event "4. Moscu Open 2008"]
[Site "Moscu RUS"]
[Date "2008.02.03"]
[Round "2.82"]
[White "Krivolapov, Vasily"]
[Black "Batchuluun, Cegmed"]
[Result "1/2-1/2"]
[WhiteElo "2135"]
[BlackElo "2432"]
[PlyCount "65"]
[EventDate "2008.02.02"]
[EventType "swiss"]
[EventRounds "9"]
[EventCountry "RUS"]
[Source "lmi"]
[SourceDate "2008.02.02"]

1. e4 e5 2. Nf3 Nc6 3. Bb5 a6 4. Ba4 Nf6 5. O-O Be7 6. Re1 b5 7. Bb3 O-O 8. a4
Bb7 9. Nc3 Na5 10. Ba2 b4 11. Nd5 Nxd5 12. Bxd5 c6 13. Ba2 d6 14. c3 c5 15. d4
Bf6 16. dxc5 dxc5 17. Qxd8 Rfxd8 18. cxb4 cxb4 19. Bd2 Nc6 20. Bd5 Rab8 21.
Rac1 Nd4 22. Nxd4 Bxd5 23. exd5 exd4 24. d6 d3 25. b3 h6 26. Rc6 Bc3 27. Bxc3
bxc3 28. Rxc3 Rxd6 29. Rd1 d2 30. Kf1 Re8 31. Rc2 Red8 32. Ke2 Re6+ 33. Kf1
1/2-1/2

[Event "4. Moscu Open 2008"]
[Site "Moscu RUS"]
[Date "2008.02.03"]
[Round "2.83"]
[White "Shefer, Alexander"]
[Black "Minasian, Artashes"]
[Result "0-1"]
[WhiteElo "2113"]
[BlackElo "2578"]
[PlyCount "78"]
[EventDate "2008.02.02"]
[EventType "swiss"]
[EventRounds "9"]
[EventCountry "RUS"]
[Source "lmi"]
[SourceDate "2008.02.02"]

1. d4 g6 2. c4 Bg7 3. Nf3 c5 4. d5 d6 5. e4 Nf6 6. Nc3 O-O 7. h3 a6 8. a4 b6 9.
Bd3 Ra7 10. O-O e5 11. Bg5 h6 12. Be3 Nh7 13. Qd2 f5 14. Bxh6 f4 15. Bxg7 Rxg7
16. Nh2 f3 17. Qe3 Ng5 18. h4 fxg2 19. Qxg5 gxf1=Q+ 20. Nxf1 Rh7 21. Qxd8 Rxd8
22. Ne3 Rxh4 23. f3 Nd7 24. Ng2 Rh3 25. Kf2 Rf8 26. Be2 Nf6 27. Ne1 g5 28. Kg2
Kf7 29. Nd3 Rfh8 30. Nf2 Rh2+ 31. Kg1 g4 32. fxg4 Nxg4 33. Ncd1 R2h4 34. Ra3
Nxf2 35. Nxf2 Rg8+ 36. Kf1 Ke7 37. Re3 Bd7 38. b3 Rh2 39. Bf3 b5 0-1

[Event "4. Moscu Open 2008"]
[Site "Moscu RUS"]
[Date "2008.02.03"]
[Round "2.84"]
[White "Inarkiev, Ernesto"]
[Black "Onoprienko, Vladimir"]
[Result "1-0"]
[WhiteElo "2681"]
[BlackElo "2318"]
[PlyCount "61"]
[EventDate "2008.02.02"]
[EventType "swiss"]
[EventRounds "9"]
[EventCountry "RUS"]
[Source "lmi"]
[SourceDate "2008.02.02"]

1. d4 d5 2. c4 c6 3. Nf3 Nf6 4. Nc3 a6 5. c5 b6 6. cxb6 Nbd7 7. e3 Qxb6 8. Bd3
g6 9. b3 Bg7 10. Ba3 Qa5 11. Qc1 e5 12. dxe5 Ng4 13. O-O Ngxe5 14. Nxe5 Bxe5
15. Na4 Qc7 16. f4 Bd6 17. e4 O-O 18. Bxd6 Qxd6 19. e5 Qc7 20. Rf2 Rb8 21. Qc3
a5 22. Rc1 Bb7 23. Be2 c5 24. Bg4 Rbc8 25. e6 d4 26. Qb2 Nf6 27. exf7+ Qxf7 28.
Bxc8 Rxc8 29. Nxc5 Rd8 30. Rd2 d3 31. Nxb7 1-0

[Event "4. Moscu Open 2008"]
[Site "Moscu RUS"]
[Date "2008.02.03"]
[Round "2.85"]
[White "Macieja, Bartlomiej"]
[Black "Gritsenko, Andrey"]
[Result "1/2-1/2"]
[WhiteElo "2617"]
[BlackElo "2317"]
[PlyCount "72"]
[EventDate "2008.02.02"]
[EventType "swiss"]
[EventRounds "9"]
[EventCountry "RUS"]
[Source "lmi"]
[SourceDate "2008.02.02"]

1. e4 c5 2. Nf3 d6 3. d4 cxd4 4. Nxd4 Nf6 5. Nc3 a6 6. a4 e5 7. Nf3 Be7 8. Bc4
Be6 9. Qe2 Qc8 10. Bb3 h6 11. O-O O-O 12. Rd1 Bxb3 13. cxb3 Qe6 14. Nh4 Rd8 15.
Nf5 Bf8 16. Ne3 Nc6 17. Ncd5 Nxe4 18. Nc7 Qg6 19. Nxa8 Nd4 20. Qg4 Qxg4 21.
Nxg4 Nc2 22. Rb1 Rxa8 23. Be3 h5 24. Rbc1 Rc8 25. f3 hxg4 26. fxe4 Rc6 27. Ba7
g6 28. Rd2 Nd4 29. Rxc6 Nxc6 30. Bb6 f5 31. exf5 gxf5 32. b4 Nxb4 33. Bc7 e4
34. Bxd6 e3 35. Bxb4 exd2 36. Bxd2 Kf7 1/2-1/2